Loading...

Thomas Hardy /

Bibliographic Details
Main Author: Carpenter, Richard
Format: Printed Book
Language:English
Published: London : Macmillan, 1976.
Subjects:
LEADER 00476nam a2200145Ia 4500
008 150623b xxu||||| |||| 00| 1 eng d
082 |a 823.8H109 
100 |a Carpenter, Richard 
245 |a Thomas Hardy /  |c Richard Carpenter 
260 |a London :  |b Macmillan,  |c 1976. 
300 |a 223 p. 
650 |v Fiction 
942 |c BK 
999 |c 32961  |d 32961 
952 |0 0  |1 0  |4 0  |6 823_000000000000000_8H109_CAR_T  |7 0  |9 32960  |a UL  |b UL  |c ST2  |d 1998-09-01  |l 0  |o 823.8H109 CAR/T  |p 45139  |r 2012-10-27  |w 2012-10-27  |y BK